Polyfunkčný objekt v ultranízkoenergetickom štandarde
Salvato in:
| Autore principale: | |
|---|---|
| Altri autori: | |
| Natura: | Manoscritto Libro |
| Lingua: | slovacco |
| Pubblicazione: |
2017
|
| Soggetti: | |
| Accesso online: | http://is.stuba.sk/zp/portal_zp.pl?podrobnosti=125155 https://opac.crzp.sk/?fn=detailBiblioForm&sid=E7FF18FD4FFD5019D8F8EF3CC38C |
| Tags: |
Nessun Tag, puoi essere il primo ad aggiungerne!!
|
MARC
| LEADER | 00000ntm a22000003a 4500 | ||
|---|---|---|---|
| 001 | stuzp63011 | ||
| 003 | SK-STU | ||
| 005 | 20230809142406.0 | ||
| 007 | ta | ||
| 008 | 150427s2015----xo-----f-mn---000-0-slo-d | ||
| 040 | |a STU |b slo | ||
| 041 | 0 | |a slo | |
| 100 | 1 | |a Čupka, Matej |u 010180 |4 aut |U SvF Stavebná fakulta |T SvF Katedra konštrukcií pozemných stavieb |X 7266 |U V180 |Y 18 |7 7266 | |
| 242 | 0 | 1 | |a Polyfunctional building in ultralowenergy standard |y eng |
| 245 | 1 | 0 | |a Polyfunkčný objekt v ultranízkoenergetickom štandarde |
| 260 | |c 2017 | ||
| 650 | 4 | |a polyfunkcia |2 slo | |
| 650 | 4 | |a ultranízkoenergetický |2 slo | |
| 650 | 4 | |a bim |2 slo | |
| 650 | 4 | |a bim |2 eng | |
| 650 | 4 | |a polyfunctional |2 eng | |
| 650 | 4 | |a ultralowenergy |2 eng | |
| 700 | 1 | |a Menďan, Rastislav |u 010180 |k Z1 |4 ths |U SvF Stavebná fakulta |T SvF Katedra konštrukcií pozemných stavieb |X 776 |U V180 |Y 18 |7 A000000776 | |
| 856 | 4 | |u http://is.stuba.sk/zp/portal_zp.pl?podrobnosti=125155 | |
| 856 | 4 | |u https://opac.crzp.sk/?fn=detailBiblioForm&sid=E7FF18FD4FFD5019D8F8EF3CC38C | |